| 000 | 00739 a2200217 4500 | ||
|---|---|---|---|
| 999 |
_c8645 _d8645 |
||
| 020 | _a9780195997460 (pbk.) | ||
| 050 | 0 | 0 | _aHB615AAR2011 |
| 245 | 0 | 0 |
_aEntrepreneurship and new venture management / _c[Isa] Van Aardt ... [et al.]. |
| 250 | _a4th ed. | ||
| 264 |
_aOxford: _bUniversity press, _c2011 |
||
| 300 |
_a420 p. : _bill. ; |
||
| 500 | _aincludes index | ||
| 504 | _aIncludes bibliographical references (p. [410]-416) and index. | ||
| 650 | 0 | _aEntrepreneurship | |
| 650 | 0 | _aNew business enterprises | |
| 650 | 0 | _aEntrepreneurship. | |
| 650 | 0 | _aNew business enterprises. | |
| 700 | 1 | _aVan Aardt, Isa. | |
| 942 |
_2lcc _cBK _h15 _iAAR _kHB |
||